Central Library OPAC University of Rajshahi

Eastern and Western philosophy : (Record no. 32127)

MARC details
000 -LEADER
fixed length control field 00787cam a22002657a 4500
001 - CONTROL NUMBER
control field 32127
003 - CONTROL NUMBER IDENTIFIER
rucl marc code BD-RjUL
005 - DATE AND TIME OF LATEST TRANSACTION
control field 20211209051807.0
008 - FIXED-LENGTH DATA ELEMENTS--GENERAL INFORMATION
fixed length control field 140423s1980 ii 001 0 eng
020 ## - INTERNATIONAL STANDARD BOOK NUMBER
Terms of availability : IRs. 80.00
035 ## - SYSTEM CONTROL NUMBER
System control number (BD-RjUL)32216
040 ## - CATALOGING SOURCE
Original cataloging agency DLC
Transcribing agency DLC
Modifying agency BD-RjUL
Language of cataloging eng
041 ## - LANGUAGE CODE
Language code of text/sound track or separate title eng
082 ## - DEWEY DECIMAL CLASSIFICATION NUMBER
Classification number 190
Author mark and year REE 1980
100 1# - MAIN ENTRY--PERSONAL NAME
Personal name Reddy, V. Narayan Karan
Fuller form of name (Vedre Narayan Karan),
Dates associated with a name 1930-
9 (RLIN) 97784
245 10 - TITLE STATEMENT
Title Eastern and Western philosophy :
Remainder of title (an introduction) /
Statement of responsibility, etc. V. N. K. Reddy.
250 ## - EDITION STATEMENT
Edition statement 1st ed.
260 ## - PUBLICATION, DISTRIBUTION, ETC. (IMPRINT)
Place of publication, distribution, etc. Delhi :
Name of publisher, distributor, etc. Bharatiya Vidya Prakashan,
Date of publication, distribution, etc. 1980.
300 ## - PHYSICAL DESCRIPTION
Pagination viii, 217 p. ;
Size 23 cm.
650 #0 - SUBJECT ADDED ENTRY--TOPICAL TERM
Topical term or geographic name as entry element Philosophy.
9 (RLIN) 97785
Topical term or geographic name as entry element Philosophy, Asian.
9 (RLIN) 5097
Topical term or geographic name as entry element Comparative philosophy.
9 (RLIN) 97786
942 ## - ADDED ENTRY ELEMENTS (KOHA)
Source of classification or shelving scheme Dewey Decimal Classification
Koha item type Books
Holdings
Lost status Source of classification or shelving scheme Damaged status Not for loan Collection code Permanent Location Current Location Shelving location Date acquired Source of acquisition Cost, normal purchase price Total Checkouts Full call number Date last seen Copy number Koha item type
  Dewey Decimal Classification     Non-fiction Central Library, University of Rajshahi Central Library, University of Rajshahi   25/06/1986 Karim .inter .. 82.00   190 REE 1980 23/04/2014 C-3 Books
  Dewey Decimal Classification   Not For Loan Non-fiction Central Library, University of Rajshahi Central Library, University of Rajshahi Reading Room 26/06/1986 Karim .inter .. 80.00   190 REE 1980 23/04/2014 C-1 Books
  Dewey Decimal Classification     Non-fiction Central Library, University of Rajshahi Central Library, University of Rajshahi   26/03/1986 Karim .inter .. 80.00   190 REE 1980 23/04/2014 C-4 Books
  Dewey Decimal Classification     Non-fiction Central Library, University of Rajshahi Central Library, University of Rajshahi   26/06/1986 Karim .inter .. 80.00   190 REE 1980 24/04/2014 C-2 Books